000 00668nam a2200205 4500
001 138589
003 ES-MaACL
005 20230906195609.0
007 t|
008 070214s1985 sp r ||||1| spa d
100 1 _aSantamarĂ­a, Juan Manuel.
_9103288
245 1 0 _aEmiliano Barral /
_cJuan Manuel SantamarĂ­a.
260 _aSegovia :
_bCaja de Ahorros y Monte de Piedad,
_c1985.
300 _a125 p. :
_bil. ;
_c21 cm.
490 1 _aPublicaciones de la Obra Cultural
710 2 _aCaja de Ahorros y Monte de Piedad de Segovia.
_92324
830 0 _aPublicaciones de la Obra Cultural
_9220172
852 _aES-MaACL
_jL-11472
_bR.112938
999 _c138589
_d138589